| 000 | 02019nam a2200409 a 4500 | ||
|---|---|---|---|
| 001 | ebr10475962 | ||
| 003 | CaPaEBR | ||
| 006 | m u | ||
| 007 | cr cn||||||||| | ||
| 008 | 090615s2009 vaua sb 101 0 eng d | ||
| 010 | _z 2009022725 | ||
| 020 | _z0784410461 | ||
| 020 | _z9780784410462 | ||
| 020 | _z9780784472934 (e-book) | ||
| 040 |
_aCaPaEBR _cCaPaEBR |
||
| 035 | _a(OCoLC)742513439 | ||
| 050 | 1 | 4 |
_aTE200 _b.S63 2009eb |
| 082 | 0 | 4 |
_a624.1/51 _222 |
| 245 | 0 | 0 |
_aSoils and rock instrumentation, behavior, and modeling _h[electronic resource] : _bselected papers from the 2009 GeoHunan International Conference, August 3-6, 2009, Changsha, Hunan, China / _chosted by Changsha University of Science and Technology, China ; co-sponsored by ASCE Geo-Institute, USA ... [et al.] ; edited by Louis Ge ... [et al.]. |
| 260 |
_aReston, Va. : _bGeo Institute, American Society of Civil Engineers, _cc2009. |
||
| 300 |
_ax, 109 p. : _bill. (some col.). |
||
| 490 | 1 |
_aGeotechnical special publication ; _vno. 194 |
|
| 504 | _aIncludes bibliographical references and indexes. | ||
| 533 |
_aElectronic reproduction. _bPalo Alto, Calif. : _cebrary, _d2013. _nAvailable via World Wide Web. _nAccess may be limited to ebrary affiliated libraries. |
||
| 650 | 0 |
_aRoad materials _vCongresses. |
|
| 650 | 0 |
_aSoils _vCongresses. |
|
| 650 | 0 |
_aEngineering geology _xInstruments _vCongresses. |
|
| 650 | 0 |
_aPavements _vCongresses. |
|
| 655 | 7 |
_aElectronic books. _2local |
|
| 700 | 1 | _aGe, Louis. | |
| 710 | 2 | _aChangsha li gong da xue. | |
| 710 | 2 |
_aAmerican Society of Civil Engineers. _bGeo-Institute. |
|
| 710 | 2 | _aebrary, Inc. | |
| 711 | 2 |
_aGeoHunan International Conference on Challenges and Recent Advances in Pavement Technologies and Transportation Geotechnics _d(2009 : _cChangsha, Hunan Sheng, China) |
|
| 830 | 0 |
_aGeotechnical special publication ; _vno. 194. |
|
| 856 | 4 | 0 |
_uhttp://site.ebrary.com/lib/rucke/Doc?id=10475962 _zAn electronic book accessible through the World Wide Web; click to view |
| 999 |
_c216740 _d216740 |
||